Tous les pays en -stan en 20 secondes - Statistiques

Statistiques générales
  • Ce quiz a été pris 138 fois
  • Le résultat moyen est 5 sur 7
Statistiques - réponses
Pays en -stan % Correct
Turkménistan
81%
Pakistan
76%
Afghanistan
75%
Tadjikistan
74%
Ouzbékistan
65%
Kazakhstan
63%
Kirghizistan
56%
Aucun quiz correspondant
Distribution des résultats
% des personnes avec chaque résultat
Percentile par nombre de réponses
Votre historique - résultats
Vous n’avez pas pris ce quiz